000 00609nam a2200241Ia 4500
003 OSt
005 20220924151126.0
006 a|||||r|||| 00| 0
007 ta
008 220923b |||||||| |||| 00| 0 kan d
020 _c90
024 _a336220
037 _cTextual
040 _aARTS
_cARTS
_bkan
041 _2kan
_akan
082 _aO33,2M84, N6
100 _aJoshi G.D.
_9223618
245 0 _aHuilgol Narayanarayaru
_b jeevana hagu sahitya
260 _c1996
650 _aKANNAD LITERATURE
942 _hO33,2M84, N6
_cTEXL
_2CC
999 _c465608
_d465608